[Event "FRA-chT3 Gr5 "]
[Site "Bretagne"]
[Date "2006.??.??"]
[Round "5.1"]
[White "Le Montagner, Yoann"]
[Black "Desnoes, Fabien"]
[Result "1-0"]
[WhiteElo "1989"]
[BlackElo "1938"]
[PlyCount "55"]
[EventDate "2006.??.??"]
[EventType "team"]
[EventRounds "9"]
[EventCountry "FRA"]
[SourceTitle "EXT 2007"]
[Source "ChessBase"]
[SourceDate "2006.11.23"]
[SourceVersion "1"]
[SourceVersionDate "2006.11.23"]
[SourceQuality "1"]

1. e4 c6 2. d4 d5 3. exd5 cxd5 4. c4 Nf6 5. Nc3 g6 6. Nf3 Bg7 7. cxd5 Nxd5 8. Bc4 Nf6 9. 0-0 0-0 10. h3 Nbd7 11. Re1 Nb6 12. Bb3 Bd7 13. d5 Bf5 14. g4 Bc8 15. Bf4 Ne8 16. Bg5 Nf6 17. Rc1 Bd7 18. Ne4 Nxe4 19. Rxe4 Re8 20. d6 Nc8 21. dxe7 Nxe7 22. Bxf7+ Kh8 23. Bxe8 Bxe8 24. Qxd8 Rxd8 25. Rxe7 Bc6 26. Rxg7 Kxg7 27. Bxd8 Bxf3 28. Rc7+ 1-0

[Event "Nantes op 3rd"]
[Site "Nantes"]
[Date "2004.12.27"]
[Round "2"]
[White "Desnoes, Fabien"]
[Black "Le Corre, Patrick"]
[Result "1-0"]
[WhiteElo "1820"]
[BlackElo "2039"]
[PlyCount "69"]
[EventDate "2004.12.27"]
[EventType "swiss"]
[EventRounds "7"]
[EventCountry "FRA"]
[SourceTitle "EXT 2006"]
[Source "ChessBase"]
[SourceDate "2005.11.24"]
[SourceVersion "1"]
[SourceVersionDate "2005.11.24"]
[SourceQuality "1"]

1. e4 d6 2. d4 Nf6 3. Nc3 g6 4. Nf3 Bg7 5. Be3 c6 6. Qd2 b5 7. 0-0-0 b4 8. Na4 Qa5 9. b3 Nxe4 10. Qd3 Bf5 11. Qc4 d5 12. Qe2 Nc3 13. Nxc3 bxc3 14. Kb1 0-0 15. Ng5 e5 16. dxe5 Bxe5 17. g4 Bc8 18. f4 Bg7 19. h4 d4 20. Bc1 Qd5 21. Bg2 Qd7 22. Bf3 Ba6 23. Qh2 d3 24. Ka1 Qd4 25. h5 h6 26. hxg6 d2 27. gxf7+ Rxf7 28. Nxf7 dxc1Q+ 29. Rxc1 Kxf7 30. Qh5+ Kf8 31. Rhe1 Nd7 32. Qf5+ Kg8 33. Bxc6 Rc8 34. Red1 Qe3 35. Bxd7 1-0

[Event "Nantes op 3rd"]
[Site "Nantes"]
[Date "2004.12.27"]
[Round "1"]
[White "Thevenot, David"]
[Black "Desnoes, Fabien"]
[Result "0-1"]
[WhiteElo "2085"]
[BlackElo "1820"]
[PlyCount "74"]
[EventDate "2004.12.27"]
[EventType "swiss"]
[EventRounds "7"]
[EventCountry "FRA"]
[SourceTitle "EXT 2006"]
[Source "ChessBase"]
[SourceDate "2005.11.24"]
[SourceVersion "1"]
[SourceVersionDate "2005.11.24"]
[SourceQuality "1"]

1. d4 d5 2. Nf3 Nf6 3. Bf4 c5 4. e3 Qb6 5. dxc5 Qxb2 6. Be5 Qb4+ 7. Nbd2 Nbd7 8. Bd4 e6 9. Rb1 Qa5 10. Rb5 Qc7 11. Nb3 Be7 12. Qa1 0-0 13. Bd3 Rd8 14. h4 Bf8 15. h5 Ne8 16. Ng5 h6 17. Nf3 f6 18. e4 e5 19. Be3 d4 20. Bd2 Nxc5 21. Nxc5 Bxc5 22. Bc4+ Kh8 23. Qc1 Nd6 24. Rxc5 Qxc5 25. Bd5 Qc7 26. Bxh6 Kh7 27. Bd2 Bd7 28. g4 Bxg4 29. Nh4 Rac8 30. Rg1 Bxh5 31. Bb4 Qxc2 32. Qxc2 Rxc2 33. Rg3 Re2+ 34. Kf1 Nxe4 35. Bxe4+ Rxe4 36. Nf5 Be2+ 37. Kg2 Rg4 0-1